Регионална библиотека "Любен Каравелов" - Русе

История новой философии (Запис номер 137051)

MARC детайли
000 -Лидер
Контролно поле с фиксирана дължина nam a22 a 4500
003 - Код на организацията, давaща контролен номер
Контролно поле BLK
005 - Дата и час на последна редакция
Контролно поле 20210326140310.0
008 - Елементи от данни с фиксирана дължина
fixed length control field 180409b bul|||||r ||||||| ||bul||
010 ## - Наследен системен номер
LC control number KNG00143016000
040 ## - Източник на каталожния запис
Идентификатор на билиотеката - собственик на записа BLK
041 ## - Код за език
Код за езика на текст/звукозапис или на отделно заглавие Руски
Код за езика КДБФ Руски
080 ## - УДК
Текстов определител УДК Обща история на философията
УДК код - определител по УДК 101(091)
УДК определител (430)(092)
УДК - код + определител 101(091)(430)(092)
080 ## - УДК
Текстов определител УДК Философия на духа. Метафизика на духовния живот
УДК код - определител по УДК 13
УДК - код + определител 13
080 ## - УДК
Текстов определител УДК Право. Видове и форми. Направления в теория на правото
УДК код - определител по УДК 340.1
УДК - код + определител 340.1
080 ## - УДК
Текстов определител УДК Немски философ
УДК код - определител по УДК 929 Кант, Имануел
УДК - код + определител 929 Кант, Имануел
100 1# - Редна дума - Автор
Автор Фишер, Куно
Авторска отговорност първи автор
R(LIN) 325673
139 ## - Редно поле
Редна дума Фишер, Куно
Авторски знак Фиш - Ф 59
245 10 - Сведения за заглавието
Заглавие История новой философии
Подзаглавни данни Т. 1 - 8
Редно поле (дума) Куно Фишер; пер. с нем. на том Д. Е. Жуковский; пер. с нем. на том О. А. Аносова; ред. и предисл. Д. Е. Жуковский.
Том Т. 5
Заглавие на том Иммануил Кант и его учение
257 ## - Страна на издаване
Страна на създаване/издаване Германия
260 ## - Област на издателските данни
Име на издателя, разпространителя и проч. Д. Е. Жуковский
Година на издаване 1901 - 1909
Печатница типогр. т-ва Обществ. польза
Място на издаване, разпространение и проч. С.-Петербург
300 ## - Физическа характеристика
Размери/Мащаб 23 см
380 ## - Жанр
Жанр Философия
500 ## - Общи забележки
Забележка Изд. т-ва Знание. - Прев. от 4. нем. юбил. изд.
600 14 - Име на лице, използвано като предмет
За него / За нея Кант, Имануел
9 (RLIN) 364672
650 #4 - Допълнително описание по предмет – тема
Основно описание – тема или топоним Философия, немска класическа
9 (RLIN) 243069
650 #4 - Допълнително описание по предмет – тема
Основно описание – тема или топоним Философия - история
9 (RLIN) 243382
650 #4 - Допълнително описание по предмет – тема
Основно описание – тема или топоним Философия - критика
9 (RLIN) 252925
650 #4 - Допълнително описание по предмет – тема
Основно описание – тема или топоним Метафизика
9 (RLIN) 162035
650 #4 - Допълнително описание по предмет – тема
Основно описание – тема или топоним Право - история и философия
9 (RLIN) 252062
650 #4 - Допълнително описание по предмет – тема
Основно описание – тема или топоним Морал и политика
9 (RLIN) 242313
650 #4 - Допълнително описание по предмет – тема
Основно описание – тема или топоним Кант, Имануел
9 (RLIN) 364672
651 #4 - Допълнително описание по предмет - топоним
Географско понятие Германия
9 (RLIN) 178754
653 ## - Ключова дума – ненормативна
Ключова дума немска философия
653 ## - Ключова дума – ненормативна
Ключова дума немски философи
653 ## - Ключова дума – ненормативна
Ключова дума Имануел Кант
653 ## - Ключова дума – ненормативна
Ключова дума етични ценности
653 ## - Ключова дума – ненормативна
Ключова дума право
653 ## - Ключова дума – ненормативна
Ключова дума метафизика
700 1# - Други автори (авторска отговорност)
Лично име Жуковский, Д. Е.
Автороска отговорност (Описва отношението между автора и произведението) пер. с нем. на том
9 (RLIN) 325674
700 1# - Други автори (авторска отговорност)
Лично име Аносова, О. А.
Автороска отговорност (Описва отношението между автора и произведението) пер. с нем. на том
9 (RLIN) 32598
700 1# - Други автори (авторска отговорност)
Лично име Жуковский, Д. Е.
Автороска отговорност (Описва отношението между автора и произведението) ред. и предисл.
9 (RLIN) 378998
760 1# - Описание на основната серия
Редна дума на основното описание Фишер, Куно
Място на издаване, издател и година 1906
Свързани части Ч. 2. Система разума на основе критики разума
Страници - том ХVІ, 656 с.
Заглавие Т. 5 Иммануил Кант и его учение
852 ## - Местоположение
Форматна сигнатура Цб 1.225.15743
856 4# - Електронен адрес и достъп
Електронен формат pdf - файл
856 4# - Електронен адрес и достъп
Електронен формат pdf - файл
999 ## - СИСТЕМНИ КОНТРОЛНИ НОМЕРА
Koha biblionumber 137051
Koha biblioitemnumber 137051
942 ## - АРТИКУЛИ
Вид на библиотечния материал Книги
Скрит в OPAC Не
Периодичен библиозапис Да
944 ## - СЪЗДАВАНЕ И РЕДАКЦИЯ на ЗАПИСА
Създаване/Редакция Създаване
Дата на регистрацията/редакция 22.05.2013
Статус, дата на статуса ф / 22.05.2013
Служител, извършил регистрацията/редакцията Людмила_Стоянова
944 ## - СЪЗДАВАНЕ И РЕДАКЦИЯ на ЗАПИСА
Създаване/Редакция Редакция
Дата на регистрацията/редакция 15.11.2013
Статус, дата на статуса ф / 22.05.2013
999 ## - СИСТЕМНИ КОНТРОЛНИ НОМЕРА
Koha biblioitemnumber 137051
Наличности
Код за отписване Код за изгубен артикул Източник на класификационната схема Код за повреда Коз за рестрикции Код за отдаване Артикулен № Име на библиотеката - собственик Име на библиотеката, в която се намира в момента Статус (Текущо местоположение) Дата на вписване в системата Местоположение - отдел Цена в лева Инвентарен номер Систематично азбучна сигнатура Баркод Номер на екземпляра Цена в евро Служебна бележка Служебен тип на артикула
  Не е изгубен Universal Decimal Classification Не е повреден без рестрикции ползва се в читалня 224173 Регионална библиотека "Любен Каравелов" Русе Регионална библиотека "Любен Каравелов" Русе Хранилище 1906-01-01 Основен фонд - ползва се само за читалня 0.53 15743-V-2 Цб 1.225.15743 900000039320 1 0.27 N: стар фонд Дата: 01.01.1906 Дата инв: 09.04.2015 Бележки инв: О2015 Книги
Vip Innovations Ltd, Rousse, Bulgaria 2025